Lanean...
Elements nuclear physics
| Egile nagusia: | |
|---|---|
| Formatua: | Printed Book |
| Argitaratua: |
New Delhi
Anmol
2011
|
| Gaiak: |
| LEADER | 00477nam a22001577a 4500 | ||
|---|---|---|---|
| 020 | |a 9788126147663 | ||
| 082 | |a 539.7 |b GUP/E | ||
| 100 | |a GUPta, Nisha | ||
| 245 | |a Elements nuclear physics | ||
| 260 | |a New Delhi |b Anmol |c 2011 | ||
| 300 | |a 280p. | ||
| 650 | |a Nuclear physics | ||
| 650 | |a Physics | ||
| 942 | |c BK | ||
| 999 | |c 36645 |d 36645 | ||
| 952 | |0 0 |1 0 |4 0 |6 539_700000000000000_GUPE |7 0 |8 Stack |9 38817 |a KUCL |b KUCL |c Stack |d 2015-12-11 |g 900.00 |l 0 |o 539.7 GUP/E |p 36050 |r 2015-12-11 |w 2015-12-11 |y BK | ||